Som značka. Čo ďalej?
Reklamný obchod so športovými osobnosťami na Slovensku ako relatívna novinka. Účinnejšia forma podpory vlastnej kariéry ako "doping" od sponzorov. Marek Hamšík v reklame na majstrovstvá sveta vo futbale v Afrike. Ďalšie športové osobnosti v reklame. Prepojenie známej tváre a značky spoločnosti ako č...
Gespeichert in:
| 1. Verfasser: | |
|---|---|
| Format: | Buchkapitel |
| Sprache: | Slowakisch |
| Schlagworte: | |
| Tags: |
Keine Tags, Fügen Sie das erste Tag hinzu!
|
MARC
| LEADER | 00000naa$a2200000$$$4500 | ||
|---|---|---|---|
| 001 | 0117081 | ||
| 005 | 20231009103234.4 | ||
| 041 | 0 | |a slo | |
| 044 | |a SK | ||
| 245 | 1 | 0 | |a Som značka. Čo ďalej? |c Radovan Žuffa |
| 520 | |a Reklamný obchod so športovými osobnosťami na Slovensku ako relatívna novinka. Účinnejšia forma podpory vlastnej kariéry ako "doping" od sponzorov. Marek Hamšík v reklame na majstrovstvá sveta vo futbale v Afrike. Ďalšie športové osobnosti v reklame. Prepojenie známej tváre a značky spoločnosti ako často využívaný marketingový nástroj. | ||
| 610 | 2 | 0 | |a marketing |
| 610 | 2 | 0 | |a reklama |
| 610 | 2 | 0 | |a propagácia |
| 610 | 2 | 0 | |a nástroje marketingové |
| 610 | 2 | 0 | |a osoby fyzické |
| 610 | 2 | 0 | |a šport |
| 610 | 2 | 0 | |a firmy |
| 610 | 2 | 0 | |a značky kvality |
| 610 | 2 | 0 | |a značky výrobné |
| 100 | 1 | |a Žuffa, Radovan | |